00639nam a2200217Ia 4500008004100000020001500041050001100056050001500067100002500082245004100107245006000148260001400208260003800222260000900260300001600269300002100285300001100306440003200317650004400349700002800393160319s9999 xx 000 0 und d a9716300190 a634.09 bB933f 1994 aBulalacao, Lolita J. 2aA first look at Philippine fruits /  cby Lolita J. Bulalacao ; pictures by Crispin Dayao, Jr. aManila :  bTahanan Books for Young Readers,  c1994 a24 pages :  billustrations ;  c21 cm. aA First look at ... Series. aFruit -- Philippines -- Identification. aDayao, Crispin., author